000 01312nab a22002417a 4500
999 _c6078
_d6078
003 OSt
005 20260121182847.0
008 190502c xxu||||| |||| 00| 0 spa d
040 _cPJ
100 _96855
_aKunusch Ribichini, Leandro
245 1 _aDiscusiones acerca de la notificación a testigos en el fuero penal federal :
_banálisis en clave de litigio constitucional adversarial /
_cLeandro Kunusch Ribichini.
260 _aCiudad Autónoma de Buenos Aires :
_bThomson Reuters La Ley,
_c2024.
300 _ap. 58-66
505 _aSumario: I. Introducción.— II. La postura de las partes recurrentes.— III. La cuestión en las distintas Salas de la Casación Federal.— IV. El voto de Ángela Ledesma en el fallo comentado.— V. Trasfondo del problema y reflexiones
505 _aFallo comentado: CFCasación Penal, sala II, 22/05/2023. - T., H. L. y otro s/ recurso de casación.
505 _t¿Te interesa el texto completo? Solicitalo al correo: koha@justierradelfuego.gov.ar
650 0 _9343
_aDERECHO PENAL
650 0 _92348
_aPROCESO PENAL
650 0 _96853
_aCITACIÓN DE TESTIGOS
650 0 _91057
_aJURISPRUDENCIA APLICABLE
773 0 _02729
_93180
_dBuenos Aires : LexisNexis, 2006-
_tRevista de derecho penal y procesal penal. Nº 3 - Marzo 2024
_z9875920622
942 _2udc
_cANA